00678nam a2200181 i 450000100060000000300090000600500170001500700030003200800410003510000160007624501720009226000570026430000210032149000480034270000370039083000480042785200210047596684ES-MaACL20250624193241.0t|050629s1929 fr ||||1| fre d1 aMamelet, A.12aL'idée positive de la moralité devant la critique philosophique b: esquisse de l'objet d'une morale humaniste / cpar A. Mamelet; préface de Léon Brunschvieg. aParis : bPresses Universitairies de France, c1929. a94 p. ; c19 cm.1 aBibliothèque de philosophie contemporaine1 aBrunschvicg, Léon, d1853-19040 aBibliothèque de philosophie contemporaine aES-MaACLjB-5866